Discovering Zambia (Record no. 63591)

MARC details
000 -LEADER
fixed length control field 00763nam a2200157 a 4500
008 - FIXED-LENGTH DATA ELEMENTS--GENERAL INFORMATION
fixed length control field 120416s1972 ||||||||||||||||| || u
050 ## - LIBRARY OF CONGRESS CALL NUMBER
Classification number DT 8750 Kaz
100 ## - MAIN ENTRY--PERSONAL NAME
Personal name Kazembe, Ian
245 10 - TITLE STATEMENT
Title Discovering Zambia
260 ## - PUBLICATION, DISTRIBUTION, ETC.
Place of publication, distribution, etc. Singapore
Name of publisher, distributor, etc. McGraw-Hill
Date of publication, distribution, etc. 1972
300 ## - PHYSICAL DESCRIPTION
Extent (ii), 92p. : ill.
350 ## -
-- 0.00
995 ## -
-- MAIN LIBRARY OPEN ACCESS
-- 0.00
-- 001070
-- CBU-MAIN LIBRARY (Kitwe)
-- 1
-- 2.95
-- DT 8750 Kaz
-- AVAILABLE
-- 001070
-- Main Library Open Access Collection
995 ## -
-- SPECIAL COLLECTIONS
-- 0.00
-- 718206
-- CBU-MAIN LIBRARY (Kitwe)
-- 2
-- 2.95
-- ZAM DT 8750 Kaz
-- 3
-- AVAILABLE
-- 018641
-- Zambiana Collection
995 ## -
-- MAIN LIBRARY OPEN ACCESS
-- 0.00
-- 001678
-- CBU-MAIN LIBRARY (Kitwe)
-- 3
-- 2.95
-- DT 8750 Kaz
-- AVAILABLE
-- 001678
-- Main Library Open Access Collection
999 ## -
-- 63591
-- 63591
Holdings
Withdrawn status Lost status Source of classification or shelving scheme Damaged status Not for loan Permanent Location Current Location Shelving location Date acquired Total Checkouts Full call number Barcode Date last seen Copy number Price effective from Koha item type
          CBU-MAIN LIBRARY, KITWE. CBU-MAIN LIBRARY, KITWE.   12/27/2022   DT 8750 Kaz 001070 12/27/2022 1 12/27/2022 MONOGRAPH
          CBU-MAIN LIBRARY, KITWE. CBU-MAIN LIBRARY, KITWE.   12/27/2022   DT 8750 Kaz 018641 12/27/2022 2 12/27/2022 MONOGRAPH
          CBU-MAIN LIBRARY, KITWE. CBU-MAIN LIBRARY, KITWE.   12/27/2022   DT 8750 Kaz 001678 12/27/2022 3 12/27/2022 MONOGRAPH